| 000 | 00706nam a2200265Ia 4500 | ||
|---|---|---|---|
| 008 | 220204s9999 xx 000 0 und d | ||
| 082 |
_a581.1 _bANN.17 |
||
| 245 | 0 | _aAnnual review of plant physiolgy. V 17 | |
| 260 |
_aCalifornia _bAnnual Reviews Inc _c1966 |
||
| 650 | _aAbscission | ||
| 650 | _aAlgae | ||
| 650 | _aGeotropism | ||
| 650 | _aGolgi apparatus | ||
| 650 | _aMineral nutrition | ||
| 650 | _aPhotosynthesis | ||
| 650 | _aPlant antitransparent | ||
| 650 | _aPlant physiology | ||
| 650 | _aPlant virus | ||
| 650 | _aPlant water relation | ||
| 650 | _aPost harvest physiology | ||
| 650 | _aSeed protein | ||
| 650 | _aTranslocation | ||
| 700 | _aMACHLIS, Leonard | ||
| 942 | _cBK | ||
| 999 |
_c20712 _d20712 |
||